|
|
|
|
| LEADER |
00000nam0a2200000 4500 |
| 001 |
271522 |
| 005 |
20231101234438.0 |
| 020 |
|
|
|a RU
|b 87-50392
|
| 035 |
|
|
|a (RuTPU)RU\TPU\book\294704
|
| 090 |
|
|
|a 271522
|
| 100 |
|
|
|a 20141008d1987 k y0rusy5003 ca
|
| 101 |
0 |
|
|a rus
|
| 102 |
|
|
|a RU
|
| 105 |
|
|
|a a z 001zy
|
| 200 |
1 |
|
|a Кодаро-Удоканский рудный район зоны БАМа
|e путеводитель экскурсии XI Всесоюзного металлогенического совещания "Металлогения Сибири"
|f Академия наук СССР (АН СССР), Сибирское отделение (СО), Институт геологии и геофизики (ИГиГ) ; под ред. В. К. Голева
|
| 210 |
|
|
|a Новосибирск
|c Изд-во ИГИГ
|d 1987
|
| 215 |
|
|
|a 81 с.
|c ил.
|
| 320 |
|
|
|a Библиогр.: с. 78-80
|
| 606 |
1 |
|
|a Металлогения
|x (рудообразование)
|2 stltpush
|3 (RuTPU)RU\TPU\subj\42412
|9 62079
|
| 610 |
1 |
|
|a геологические экскурсии
|
| 610 |
1 |
|
|a месторождения
|
| 610 |
1 |
|
|a полезные ископаемые
|
| 610 |
1 |
|
|a Забайкалье
|
| 610 |
1 |
|
|a путеводители
|
| 610 |
1 |
|
|a медистые песчаники
|
| 610 |
1 |
|
|a каменный уголь
|
| 610 |
1 |
|
|a сульфидные руды
|
| 610 |
1 |
|
|a рудные месторождения
|
| 675 |
|
|
|a 553.2.07
|z rus
|v 4
|
| 702 |
|
1 |
|a Голев
|b В. К.
|4 340
|
| 712 |
0 |
2 |
|a Академия наук СССР (АН СССР)
|b Сибирское отделение (СО)
|b Институт геологии и геофизики (ИГиГ)
|c (Новосибирск)
|2 stltpush
|3 (RuTPU)RU\TPU\col\128
|
| 801 |
|
0 |
|a RU
|b RuMRKP
|c 19950417
|g psbo
|
| 801 |
|
1 |
|a RU
|b 63413507
|c 20141008
|
| 801 |
|
2 |
|a RU
|b 63413507
|c 20170309
|g RCR
|
| 942 |
|
|
|c BK
|